<?xml version="1.0" encoding="UTF-8"?>
<record
    xmlns:xsi="http://www.w3.org/2001/XMLSchema-instance"
    xsi:schemaLocation="http://www.loc.gov/MARC21/slim http://www.loc.gov/standards/marcxml/schema/MARC21slim.xsd"
    xmlns="http://www.loc.gov/MARC21/slim">

  <leader>00362    a2200109   4500</leader>
  <controlfield tag="001">ART_14716</controlfield>
  <controlfield tag="005">20260410161613.0</controlfield>
  <controlfield tag="008">260409a                                 </controlfield>
  <datafield tag="245" ind1="1" ind2="0">
    <subfield code="a">El fin del imperialismo corporatico</subfield>
  </datafield>
  <datafield tag="100" ind1="1" ind2=" ">
    <subfield code="a">Prahalad, C. K.</subfield>
  </datafield>
  <datafield tag="773" ind1="0" ind2=" ">
    <subfield code="t">Harvard Business Review</subfield>
    <subfield code="g">Ideas clave de HBR para Am&#xE9;rica Latina - Vol. 85, N&#xBA; 11 (nov. 2007)</subfield>
    <subfield code="w">REV340</subfield>
  </datafield>
  <datafield tag="999" ind1=" " ind2=" ">
    <subfield code="c">10837</subfield>
    <subfield code="d">10837</subfield>
  </datafield>
</record>
